A century of soil salinity research in India: An annotated bibliography 1863-1976
Shranjeno v:
| Glavni avtor: | |
|---|---|
| Format: | Knjiga |
| Jezik: | Undetermined |
| Izdano: |
New Delhi
Oxford & IBH Publishing Co
1978
|
| Teme: | |
| Oznake: |
Označite
Brez oznak, prvi označite!
|
| Thư viện lưu trữ: | Trung tâm Học liệu Trường Đại học Cần Thơ |
|---|
| LEADER | 00542nam a2200181Ia 4500 | ||
|---|---|---|---|
| 001 | CTU_30206 | ||
| 008 | 210402s9999 xx 000 0 und d | ||
| 082 | |a 631.4 | ||
| 082 | |b G977 | ||
| 100 | |a I C Gupta | ||
| 245 | 2 | |a A century of soil salinity research in India: An annotated bibliography 1863-1976 | |
| 245 | 0 | |c I C Gupta, K N Pahwa | |
| 260 | |a New Delhi | ||
| 260 | |b Oxford & IBH Publishing Co | ||
| 260 | |c 1978 | ||
| 650 | |a soils - salts in | ||
| 904 | |i Liên, 990401 | ||
| 980 | |a Trung tâm Học liệu Trường Đại học Cần Thơ | ||